| 000 | 00767cam a22002651 4500 | ||
|---|---|---|---|
| 001 | 5220 | ||
| 003 | BD-RjUL | ||
| 005 | 20211208234030.0 | ||
| 008 | 131224s1962 enk 001 0 eng d | ||
| 035 | _a(BD-RjUL)5256 | ||
| 040 |
_aDLC _cDLC _dDLC _d(BD-RjUL) _beng |
||
| 041 | _aeng | ||
| 082 | 0 | 0 |
_bCRC _a343 |
| 100 | 1 |
_aCross, Rupert, _d1912-1980, _914678 |
|
| 245 | 1 | 0 |
_aCases on criminal law / _cby Rupert Cross and P. Asterley Jones. |
| 250 | _a3d ed. | ||
| 260 |
_aLondon, _bButterworths, _c1962. |
||
| 300 |
_axxxviii, 420 p. _c23 cm. |
||
| 504 | _aIncludes Index | ||
| 650 | 0 |
_aCriminal law _zGreat Britain _vCases. _916417 |
|
| 700 | 1 |
_aJones, Philip Asterley, _ejoint ed. _916418 |
|
| 942 |
_2ddc _cBK |
||
| 999 |
_c5220 _d5220 |
||